[Event "NCA-chT 1st Stage"]
[Site "Managua"]
[Date "2020.10.04"]
[Round "2.24"]
[White "Ibarra Lopez, Cecilia"]
[Black "Cortez Ruiz, Luis Miguel"]
[Result "1/2-1/2"]
[WhiteElo "1233"]
[BlackElo "1557"]
[PlyCount "71"]
[EventDate "2020.10.03"]
[EventType "team-swiss"]
[EventRounds "9"]
[EventCountry "NCA"]
[SourceTitle "EXT 2022"]
[Source "ChessBase"]
[SourceDate "2021.10.06"]
[SourceVersion "1"]
[SourceVersionDate "2021.10.06"]
[SourceQuality "1"]

1. e4 c5 2. Nf3 d6 3. d4 cxd4 4. Nxd4 Nf6 5. Nc3 a6 6. Bc4 e5 7. Nf3 Be7 8. 0-0 0-0 9. Bg5 Nc6 10. Qd2 Qc7 11. Nd5 Nxd5 12. Qxd5 Be6 13. Qd3 Bxc4 14. Qxc4 Bxg5 15. Nxg5 Rac8 16. Rad1 Qe7 17. Nf3 Nd4 18. Qd3 Nxf3+ 19. Qxf3 Rxc2 20. Qa3 Rc6 21. Rd2 Rd8 22. Rfd1 Qg5 23. f3 h5 24. Qb4 Qe3+ 25. Kf1 Rd7 26. Re1 Qf4 27. Kg1 h4 28. h3 b5 29. Rdd1 Qg3 30. Qd2 Rdc7 31. Rc1 Rxc1 32. Rxc1 Rxc1+ 33. Qxc1 Kh7 34. Qc6 Qe1+ 35. Kh2 Qg3+ 36. Kg1 1/2-1/2

[Event "Managua Gomez Argenal Memorial"]
[Site "Managua"]
[Date "2020.06.14"]
[Round "6"]
[White "Cortez Ruiz, Luis Miguel"]
[Black "Vanegas Lopez, Natanael Emanuel"]
[Result "1/2-1/2"]
[WhiteElo "1507"]
[BlackElo "1371"]
[PlyCount "70"]
[EventDate "2020.06.06"]
[EventType "swiss"]
[EventRounds "9"]
[EventCountry "NCA"]
[SourceTitle "CBM 197 Extra"]
[Source "ChessBase"]
[SourceDate "2020.09.30"]
[SourceVersion "1"]
[SourceVersionDate "2020.09.30"]
[SourceQuality "1"]

1. d4 Nf6 2. c4 e6 3. Nf3 d5 4. Nc3 b6 5. a3 Bb7 6. Bg5 Be7 7. e3 h6 8. Bh4 0-0 9. Bd3 c5 10. dxc5 dxc4 11. Bxc4 Bxc5 12. Qxd8 Rxd8 13. Ke2 g5 14. Bg3 Nc6 15. b4 Bf8 16. Rad1 Rxd1 17. Rxd1 Rd8 18. Rxd8 Nxd8 19. Nb5 a5 20. bxa5 bxa5 21. Bd6 Bxf3+ 22. Kxf3 Nc6 23. Bc7 Ne8 24. Bg3 Bg7 25. Nd6 Nxd6 26. Bxd6 Ne5+ 27. Bxe5 Bxe5 28. Ke4 Bb2 29. a4 Kg7 30. g4 Ba3 31. f4 Bd6 32. h3 Bb4 33. f5 exf5+ 34. Kxf5 f6 35. e4 Bc3 1/2-1/2

[Event "NCA-chT fase1"]
[Site "Managua"]
[Date "2019.09.28"]
[Round "1.3"]
[White "Cortez Ruiz, Luis Miguel"]
[Black "Pichardo, Carlos"]
[Result "0-1"]
[WhiteElo "1513"]
[BlackElo "1693"]
[PlyCount "84"]
[EventDate "2019.09.28"]
[EventType "team-swiss"]
[EventRounds "9"]
[EventCountry "NCA"]
[SourceTitle "CBM 194 Extra"]
[Source "ChessBase"]
[SourceDate "2020.03.31"]
[SourceVersion "1"]
[SourceVersionDate "2020.03.31"]
[SourceQuality "1"]
[WhiteTeam "Sandino"]
[BlackTeam "Jose Raul Capablanca"]
[WhiteTeamCountry "NCA"]
[BlackTeamCountry "NCA"]

1. d4 d5 2. c4 c6 3. Nf3 e6 4. e3 f5 5. Nbd2 Nf6 6. Bd3 Be7 7. 0-0 0-0 8. Ne5 Nbd7 9. Ndf3 Nxe5 10. Nxe5 Nd7 11. Nxd7 Bxd7 12. f4 Qe8 13. Bd2 Rf6 14. Rc1 Rc8 15. Be2 a6 16. c5 Bd8 17. b4 Rh6 18. a4 Qe7 19. Be1 Kh8 20. a5 Bc7 21. Rf3 g5 22. Bg3 g4 23. Rf1 Bd8 24. Qe1 Qf7 25. Qf2 Bf6 26. Rfd1 Qe7 27. Kf1 Rg6 28. Ke1 h5 29. h3 h4 30. hxg4 hxg3 31. Qf1 fxg4 32. Qh1+ Kg7 33. Bd3 Rh8 34. Qxh8+ Kxh8 35. Bxg6 Qg7 36. Bd3 Be8 37. Kd2 Bg6 38. Rh1+ Kg8 39. Be2 Bf5 40. Rh5 Bg6 41. Rhh1 Be4 42. Bf1 Bxd4 0-1

[Event "Managua Ramirez de Arellano Memorial"]
[Site "Managua"]
[Date "2019.07.21"]
[Round "5"]
[White "Martinez Orozco, Cristiana Yorlene"]
[Black "Cortez Ruiz, Luis Miguel"]
[Result "1-0"]
[WhiteElo "1376"]
[BlackElo "1513"]
[PlyCount "59"]
[EventDate "2019.07.13"]
[EventType "swiss"]
[EventRounds "9"]
[EventCountry "NCA"]
[SourceTitle "EXT 2020"]
[Source "ChessBase"]
[SourceDate "2019.10.17"]
[SourceVersion "1"]
[SourceVersionDate "2019.10.17"]
[SourceQuality "1"]

1. g3 d5 2. c4 Nf6 3. Bg2 e6 4. Nf3 Be7 5. cxd5 exd5 6. Nc3 0-0 7. d4 c6 8. 0-0 Nbd7 9. Re1 Bb4 10. a3 Bxc3 11. bxc3 Re8 12. Bg5 h6 13. Bxf6 Nxf6 14. Qc2 Qa5 15. Nd2 Bg4 16. e4 dxe4 17. Nxe4 Nxe4 18. Bxe4 Kh8 19. Qb3 Qc7 20. Rab1 Rab8 21. Bd3 Rxe1+ 22. Rxe1 Be6 23. Bc4 Bxc4 24. Qxc4 Qd7 25. Rd1 b5 26. Qc5 a5 27. d5 cxd5 28. Rxd5 Qe8 29. Re5 Qd7 30. Re7 1-0